000 00389nam a2200145Ia 4500
008 090122s9999 xx 000 0 und d
082 _b3611
_a891.463
100 _aआपटे
_bविद्या
245 _aदीर्घकथा
600 _aआपटे
630 _aदीर्घकथा
700 _aआपटे
730 _aदीर्घकथा
942 _cBOOK
999 _c27689
_d27689